Fundamentálny islam a jeho postavenie v politickom systéme vybraných krajinách blízkovýchodného regiónu bakalárska práca
Gespeichert in:
| 1. Verfasser: | |
|---|---|
| Körperschaft: | |
| Weitere Verfasser: | |
| Format: | Buch |
| Sprache: | Slowakisch |
| Veröffentlicht: |
Bratislava
2023
|
| Tags: |
Keine Tags, Fügen Sie das erste Tag hinzu!
|
MARC
| LEADER | 00000nbm a2200000 4500 | ||
|---|---|---|---|
| 001 | 0293213 | ||
| 005 | 20240612142850.6 | ||
| 041 | 0 | |a slo | |
| 044 | |a SK | ||
| 245 | 1 | 0 | |a Fundamentálny islam a jeho postavenie v politickom systéme vybraných krajinách blízkovýchodného regiónu |b bakalárska práca |c Paula Tomanovičová ; školiteľ: Ján Dančo |
| 264 | 1 | |a Bratislava |c 2023 | |
| 300 | |a 47 s. | ||
| 100 | 1 | |a Tomanovičová, Paula | |
| 700 | 1 | |a Dančo, Ján, 1996- | |
| 710 | 2 | |a Fakulta medzinárodných vzťahov EU. Katedra medzinárodných politických vzťahov | |